000 01395nac a22004697a 4500
001 BR7904136
003 BR-BrBNA
005 20240105114447.0
008 230509b bl.|||m| |||| 00| 0 por d
040 _aBR-BrBNA
_bpor
_cBiblioteca Nacional de Agricultura
072 _aF00; F60; H00
090 _a0120 BR7904136
100 1 _aMuzilli, O.
100 1 _aGomes, J.
100 1 _aKarazawa, M.
100 1 _aGrodzki, L.
100 1 _aEsteves, A.
100 1 _aOliveira, E.L. de
100 1 _aCastro Filho, C. de
100 1 _aVieira, M.J.
100 1 _aAlmeida, F.L.S.
100 1 _aRodrigues, B.N.
100 1 _aBianco, R.
100 1 _aMenezes, J.R.
100 1 _aSilva, W.R.
110 1 _aFundacao Instituto Agronomico do Parana, Londrina (Brasil)
245 1 _aCultura do milho no Estado do Parana [pratica cultural, nutricao vegetal, praga de planta, doenca de planta, Brasil]
260 3 _aLondrina, PR (Brasil):
_c1979.
300 _a84 p.
490 _aCircular - Fundacao Instituto Agronomico do Parana (Brazil)
_vno. 13
_x
500 _a24 illus.
650 _aMILHO
650 _aADUBACAO
650 _aNUTRICAO VEGETAL
650 _aPRATICA CULTURAL
650 _aDOENCA DE PLANTA
650 _aPRAGA DE PLANTA
650 _aERVA DANINHA
650 _aPARANA
909 _a202312
_bLúcia Elande
_c55
_dLúcia Elande
942 _2AGRIS
_n0
_cMS
999 _c269480
_d269480